000 00341nam a22001457a 4500
005 20160620123831.0
008 160620b xxu||||| |||| 00| 0 eng d
041 _aeng
082 _b8503
245 _aDictionary of Machanical Engineering Terms
260 _bOxford and IBH Kol
300 _a417
650 _aManagement
_9241
942 _cBK
999 _c3262
_d3261